[Event "Mecklenburg VP Landesliga Ost 1920"]
[Site "Mecklenburg VP"]
[Date "2020.02.02"]
[Round "6.2"]
[White "Wiese, Frank"]
[Black "Pawlick, Helmut"]
[Result "1/2-1/2"]
[WhiteElo "1965"]
[BlackElo "1993"]
[PlyCount "70"]
[EventDate "2019.09.29"]
[EventType "team-tourn"]
[EventRounds "9"]
[EventCountry "GER"]
[SourceTitle "EXT 2023"]
[Source "ChessBase"]
[SourceDate "2022.10.05"]
[SourceVersion "1"]
[SourceVersionDate "2022.10.05"]
[SourceQuality "1"]
[WhiteTeam "Saal Waterkant"]
[BlackTeam "Bergen Rugia"]
[WhiteTeamCountry "GER"]
[BlackTeamCountry "GER"]

1. d4 Nf6 2. c4 c5 3. d5 e6 4. Nc3 exd5 5. cxd5 d6 6. Nf3 g6 7. Nd2 a6 8. a4 Nbd7 9. Nc4 Nb6 10. e4 Nxc4 11. Bxc4 Bg7 12. 0-0 0-0 13. Bg5 h6 14. Bh4 g5 15. Bg3 Ng4 16. Be2 Ne5 17. f4 Ng6 18. f5 Ne5 19. Qd2 Qf6 20. Rad1 Bd7 21. Qe3 Rfc8 22. Qf2 Re8 23. h3 Rab8 24. a5 b5 25. Kh1 b4 26. Nb1 Ba4 27. Rc1 Bb5 28. Qe3 Bxe2 29. Qxe2 Rb5 30. Nd2 Qe7 31. Ra1 Rc8 32. Rfc1 Qc7 33. Bxe5 Bxe5 34. Nc4 Bf4 35. Rf1 Be5 1/2-1/2

[Event "Mecklenburg VP LL2 Ost 1819"]
[Site "Mecklenburg VP"]
[Date "2019.02.24"]
[Round "6.2"]
[White "Markovych, Illya"]
[Black "Wiese, Frank"]
[Result "1-0"]
[WhiteElo "1899"]
[BlackElo "1899"]
[PlyCount "69"]
[EventDate "2018.10.21"]
[EventType "team-tourn"]
[EventRounds "9"]
[EventCountry "GER"]
[SourceTitle "EXT 2022"]
[Source "ChessBase"]
[SourceDate "2021.10.06"]
[SourceVersion "1"]
[SourceVersionDate "2021.10.06"]
[SourceQuality "1"]
[WhiteTeam "Rostock Makkabi"]
[BlackTeam "Waterkant Saal SV"]
[WhiteTeamCountry "GER"]
[BlackTeamCountry "GER"]

1. e4 c6 2. d4 d5 3. e5 Bf5 4. Nc3 Qb6 5. Na4 Qc7 6. b4 e6 7. Bd2 b6 8. f4 Nh6 9. Nf3 Bg4 10. h3 Bxf3 11. Qxf3 Nf5 12. Qf2 Be7 13. g3 Nd7 14. Bd3 g6 15. 0-0 h5 16. Rfc1 h4 17. g4 Ng3 18. Qf3 0-0 19. c4 dxc4 20. Bxc4 c5 21. bxc5 bxc5 22. Bb3 Rac8 23. d5 exd5 24. Bxd5 Nb6 25. Nxb6 axb6 26. Qd3 Kg7 27. f5 gxf5 28. gxf5 f6 29. Rc4 Rh8 30. Rg4+ Kf8 31. Bh6+ Ke8 32. Bg7 Qxe5 33. Rd1 c4 34. Bxc4 Bc5+ 35. Kg2 1-0

[Event "Mecklenburg VP LL2 Ost 1819"]
[Site "Mecklenburg VP"]
[Date "2018.10.21"]
[Round "1.3"]
[White "Stoevesand, Eric"]
[Black "Wiese, Frank"]
[Result "1/2-1/2"]
[WhiteElo "1975"]
[BlackElo "1899"]
[PlyCount "55"]
[EventDate "2018.10.21"]
[EventType "team-tourn"]
[EventRounds "9"]
[EventCountry "GER"]
[SourceTitle "EXT 2022"]
[Source "ChessBase"]
[SourceDate "2021.10.06"]
[SourceVersion "1"]
[SourceVersionDate "2021.10.06"]
[SourceQuality "1"]
[WhiteTeam "Neubrandenburg SG Eintracht"]
[BlackTeam "Waterkant Saal SV"]
[WhiteTeamCountry "GER"]
[BlackTeamCountry "GER"]

1. e4 g6 2. d4 Bg7 3. Nf3 d6 4. Nc3 Nd7 5. Be3 a6 6. Bc4 e6 7. Ng5 Nb6 8. Bb3 h6 9. Nf3 Ne7 10. Qd2 d5 11. e5 Nf5 12. g4 Nxe3 13. fxe3 Nd7 14. e4 c6 15. 0-0-0 b5 16. exd5 exd5 17. e6 fxe6 18. Qd3 Nf8 19. Rde1 Qd6 20. Rhf1 Bd7 21. Ne5 Bxe5 22. Rxe5 0-0-0 23. Rf6 Qe7 24. Qf3 Qb4 25. Qd3 Qe7 26. Qf3 Qb4 27. Qe3 Qe7 28. Qf3 1/2-1/2

[Event "Mecklenburg VP-ch MT"]
[Site "Neubrandenburg"]
[Date "2018.04.30"]
[Round "6.3"]
[White "Wiese, Frank"]
[Black "Haenjes, Frank"]
[Result "1/2-1/2"]
[WhiteElo "1954"]
[BlackElo "2109"]
[PlyCount "47"]
[EventDate "2018.04.28"]
[EventType "swiss"]
[EventRounds "7"]
[EventCountry "GER"]
[SourceTitle "EXT 2023"]
[Source "ChessBase"]
[SourceDate "2022.10.05"]
[SourceVersion "1"]
[SourceVersionDate "2022.10.05"]
[SourceQuality "1"]

1. d4 Nf6 2. c4 g6 3. Nc3 Bg7 4. e4 d6 5. Be2 Nc6 6. Be3 e5 7. d5 Ne7 8. Qd2 h6 9. h3 Kf8 10. Nf3 Kg8 11. 0-0 g5 12. Nh2 Ng6 13. b4 Nf4 14. Bg4 h5 15. Bf5 Bxf5 16. exf5 Qd7 17. Bxf4 exf4 18. Qd3 Re8 19. Rae1 Kh7 20. Nf3 Kh6 21. h4 gxh4 22. Nxh4 Ng4 23. Ne4 Be5 24. f3 1/2-1/2

[Event "Mecklenburg VP-ch MT"]
[Site "Neubrandenburg"]
[Date "2018.04.28"]
[Round "3.6"]
[White "Wiese, Frank"]
[Black "Hartung, Lothar"]
[Result "1/2-1/2"]
[WhiteElo "1954"]
[BlackElo "1905"]
[PlyCount "107"]
[EventDate "2018.04.28"]
[EventType "swiss"]
[EventRounds "7"]
[EventCountry "GER"]
[SourceTitle "EXT 2023"]
[Source "ChessBase"]
[SourceDate "2022.10.05"]
[SourceVersion "1"]
[SourceVersionDate "2022.10.05"]
[SourceQuality "1"]

1. d4 d5 2. c4 e6 3. Nc3 c5 4. cxd5 exd5 5. Nf3 Nc6 6. g3 Nf6 7. Bg2 Be7 8. 0-0 cxd4 9. Nxd4 0-0 10. e3 a6 11. Nce2 Bg4 12. Qb3 Na5 13. Qd3 Rc8 14. b3 Re8 15. Bb2 Qd7 16. Rfc1 Rxc1+ 17. Rxc1 Rc8 18. Rxc8+ Qxc8 19. Nf4 Qd7 20. Nf3 Bf5 21. Qd2 Qd8 22. Bxf6 Bxf6 23. Nxd5 Nc6 24. Nxf6+ Qxf6 25. Nd4 Nxd4 26. Qxd4 Qxd4 27. exd4 b6 28. b4 Kf8 29. Kf1 Ke7 30. Ke2 Kd6 31. Ke3 f6 32. a3 Bd7 33. h4 h6 34. Bb7 a5 35. bxa5 bxa5 36. Kd3 Bb5+ 37. Kc3 Be2 38. Be4 Bb5 39. Kb3 g5 40. f4 Bd7 41. Kc4 Ba4 42. Bb7 Bd7 43. d5 Ba4 44. Bc8 Kc7 45. Bf5 Kd6 46. Bd3 Be8 47. Bc2 Bd7 48. Kd4 Be8 49. Bb3 Bg6 50. Ba4 Bh5 51. Bc6 Bd1 52. Bb5 Bh5 53. Bd3 Be8 54. Kc4 1/2-1/2

[Event "Mecklenburg VP LL2 Ost 1718"]
[Site "Mecklenburg VP"]
[Date "2018.04.22"]
[Round "9.3"]
[White "Haenjes, Frank"]
[Black "Wiese, Frank"]
[Result "1/2-1/2"]
[WhiteElo "1887"]
[BlackElo "1903"]
[PlyCount "94"]
[EventDate "2017.10.08"]
[EventType "team-tourn"]
[EventRounds "9"]
[EventCountry "GER"]
[SourceTitle "EXT 2022"]
[Source "ChessBase"]
[SourceDate "2021.10.06"]
[SourceVersion "1"]
[SourceVersionDate "2021.10.06"]
[SourceQuality "1"]
[WhiteTeam "Wolgast Motor"]
[BlackTeam "Waterkant Saal SV"]
[WhiteTeamCountry "GER"]
[BlackTeamCountry "GER"]

1. e4 c6 2. d4 d5 3. exd5 cxd5 4. c4 Nf6 5. Nc3 Nc6 6. Be3 g6 7. Nf3 Bg7 8. h3 0-0 9. Be2 a6 10. a3 dxc4 11. Bxc4 b5 12. Ba2 Bb7 13. 0-0 e6 14. Qd2 Ne7 15. Ne5 Nf5 16. Rad1 Nd5 17. Qe2 Nfxe3 18. fxe3 Nxc3 19. bxc3 Bxe5 20. dxe5 Qc7 21. c4 Qxe5 22. Rd4 Rad8 23. Qf2 Rxd4 24. exd4 Qd6 25. c5 Qd7 26. Qf6 Qd8 27. Qe5 Qb8 28. Qf6 Qg3 29. Rf2 Qe3 30. Kh2 Qe4 31. Bb3 Bd5 32. Bc2 Qe3 33. h4 Qh6 34. a4 Qg7 35. Qf4 Ra8 36. axb5 axb5 37. Bd3 b4 38. Bb5 Qf8 39. Bd7 Qe7 40. c6 b3 41. Kh3 f6 42. g3 e5 43. dxe5 Be6+ 44. Kh2 Ra2 45. exf6 Rxf2+ 46. Qxf2 Qd6 47. Bxe6+ Qxe6 1/2-1/2

[Event "Mecklenburg VP LL2 Ost 1718"]
[Site "Mecklenburg VP"]
[Date "2018.01.21"]
[Round "5.3"]
[White "Wiese, Frank"]
[Black "Maertin, Heinz"]
[Result "1/2-1/2"]
[WhiteElo "1903"]
[BlackElo "1739"]
[PlyCount "38"]
[EventDate "2017.10.08"]
[EventType "team-tourn"]
[EventRounds "9"]
[EventCountry "GER"]
[SourceTitle "EXT 2022"]
[Source "ChessBase"]
[SourceDate "2021.10.06"]
[SourceVersion "1"]
[SourceVersionDate "2021.10.06"]
[SourceQuality "1"]
[WhiteTeam "Waterkant Saal SV"]
[BlackTeam "Rostock SSC 07 II"]
[WhiteTeamCountry "GER"]
[BlackTeamCountry "GER"]

1. d4 Nf6 2. c4 d6 3. Nc3 Nbd7 4. e4 e5 5. d5 Nc5 6. f3 a5 7. Be3 b6 8. Nge2 Be7 9. Ng3 0-0 10. Bd3 Nxd3+ 11. Qxd3 Ne8 12. Qd2 g6 13. Bh6 Ng7 14. 0-0 f5 15. exf5 gxf5 16. f4 Bd7 17. Rac1 e4 18. Nce2 Qe8 19. Nd4 Bd8 1/2-1/2

[Event "Mecklenburg VP LL2 Ost 1718"]
[Site "Mecklenburg VP"]
[Date "2017.11.12"]
[Round "2.3"]
[White "Rickmann, Niklas"]
[Black "Wiese, Frank"]
[Result "0-1"]
[WhiteElo "1716"]
[BlackElo "1903"]
[PlyCount "118"]
[EventDate "2017.10.08"]
[EventType "team-tourn"]
[EventRounds "9"]
[EventCountry "GER"]
[SourceTitle "EXT 2022"]
[Source "ChessBase"]
[SourceDate "2021.10.06"]
[SourceVersion "1"]
[SourceVersionDate "2021.10.06"]
[SourceQuality "1"]
[WhiteTeam "Stralsund FHSG II"]
[BlackTeam "Waterkant Saal SV"]
[WhiteTeamCountry "GER"]
[BlackTeamCountry "GER"]

1. d4 d5 2. Nf3 Nf6 3. e3 e6 4. c4 b6 5. Nc3 Bb7 6. a3 Nbd7 7. b4 a5 8. b5 Bd6 9. Be2 0-0 10. 0-0 e5 11. dxe5 Bxe5 12. Nxe5 Nxe5 13. cxd5 Nxd5 14. Nxd5 Qxd5 15. Qxd5 Bxd5 16. Bb2 Nc4 17. Bc3 Nd6 18. Be5 Rad8 19. Rac1 Rfe8 20. Bg3 Rc8 21. Bg4 Be6 22. Bxe6 fxe6 23. a4 e5 24. Rfd1 Ne4 25. Rd5 Nxg3 26. hxg3 Re7 27. Rc6 Rf8 28. f3 Rf6 29. Rxf6 gxf6 30. Kf2 Kf7 31. e4 Ke6 32. f4 Rg7 33. Kf3 h5 34. Rd1 Rh7 35. f5+ Ke7 36. Rh1 Kd6 37. Rc1 c5 38. bxc6 Rc7 39. Rd1+ Kxc6 40. g4 hxg4+ 41. Kxg4 Rd7 42. Rc1+ Kb7 43. Rc4 Rc7 44. Rxc7+ Kxc7 45. Kh5 b5 46. axb5 a4 47. Kg6 a3 48. Kxf6 a2 49. Kg7 a1Q 50. f6 Qg1 51. f7 Qxg2+ 52. Kh8 Qh3+ 53. Kg7 Qg4+ 54. Kh8 Qh5+ 55. Kg7 Qg5+ 56. Kh8 Qf6+ 57. Kg8 Qg6+ 58. Kh8 Qxf7 59. b6+ Kb8 0-1

[Event "Rhein Main op-B 20th"]
[Site "Bad Homburg"]
[Date "2017.06.17"]
[Round "6"]
[White "Werner, Tom"]
[Black "Wiese, Frank"]
[Result "1-0"]
[WhiteElo "1593"]
[BlackElo "1311"]
[PlyCount "119"]
[EventDate "2017.06.14"]
[EventType "swiss"]
[EventRounds "7"]
[EventCountry "GER"]
[SourceTitle "EXT 2018"]
[Source "ChessBase"]
[SourceDate "2017.10.13"]
[SourceVersion "1"]
[SourceVersionDate "2017.10.13"]
[SourceQuality "1"]

1. c4 e6 2. Nc3 d5 3. cxd5 exd5 4. d4 c6 5. Nf3 h6 6. g3 Bf5 7. Bg2 Nf6 8. 0-0 Nbd7 9. Qb3 Qb6 10. Qxb6 Nxb6 11. Bf4 Be7 12. Nh4 Bh7 13. Nf3 Bf5 14. Nd2 0-0 15. Rfe1 Rfe8 16. e4 dxe4 17. Ncxe4 Nbd5 18. Nxf6+ Bxf6 19. Be5 Be6 20. a3 Rad8 21. h3 Be7 22. Re2 Rd7 23. Rae1 Red8 24. Nb3 Nc7 25. Bxc7 Rxc7 26. Nc5 Bxc5 27. dxc5 Rcd7 28. Kh2 Rd1 29. Bf3 Rxe1 30. Rxe1 Rd2 31. Re2 Rxe2 32. Bxe2 Kf8 33. g4 g5 34. Kg3 f5 35. gxf5 Bxf5 36. Bg4 Be4 37. f4 gxf4+ 38. Kxf4 Bd5 39. Kf5 Kf7 40. Bh5+ Kg7 41. Ke5 b6 42. b4 bxc5 43. bxc5 a5 44. Kd6 Kf6 45. Be8 Bg2 46. Bxc6 Bxh3 47. Bd7 Bf1 48. c6 h5 49. c7 Ba6 50. c8Q Bxc8 51. Bxc8 h4 52. Kc5 Ke7 53. Kb5 Kd6 54. Kxa5 Kc7 55. Bh3 Kb8 56. Kb6 Ka8 57. a4 Kb8 58. a5 Ka8 59. a6 Kb8 60. a7+ 1-0

[Event "Rhein Main op-B 20th"]
[Site "Bad Homburg"]
[Date "2017.06.17"]
[Round "5"]
[White "Wiese, Frank"]
[Black "Berg, Rainer"]
[Result "1-0"]
[WhiteElo "1311"]
[BlackElo "1547"]
[PlyCount "147"]
[EventDate "2017.06.14"]
[EventType "swiss"]
[EventRounds "7"]
[EventCountry "GER"]
[SourceTitle "EXT 2018"]
[Source "ChessBase"]
[SourceDate "2017.10.13"]
[SourceVersion "1"]
[SourceVersionDate "2017.10.13"]
[SourceQuality "1"]

1. d4 Nf6 2. c4 d5 3. cxd5 Qxd5 4. Nc3 Qa5 5. Bd2 Nd5 6. e4 Nxc3 7. Bxc3 Qg5 8. Nf3 Qg6 9. Qe2 Nd7 10. g3 Nf6 11. e5 Nd5 12. Bd2 Qb6 13. Bc3 Bg4 14. Rd1 Bxf3 15. Qxf3 e6 16. a3 Nxc3 17. Qxc3 Be7 18. Bg2 c6 19. 0-0 0-0 20. Rd3 Rac8 21. b4 Rfd8 22. Rfd1 Qa6 23. Bf1 b5 24. h4 f6 25. Bh3 f5 26. R1d2 Rd5 27. Bg2 Rdd8 28. Bh3 g6 29. Rd1 Qb6 30. Kg2 h5 31. f4 Qb7 32. Kh2 Qb6 33. Bg2 c5 34. dxc5 Rxd3 35. Rxd3 Qc7 36. Qd2 Rd8 37. Rxd8+ Bxd8 38. Qd6 Qc8 39. Bf1 a6 40. Bg2 Kf7 41. Kg1 Be7 42. Qd4 a5 43. Kf2 axb4 44. axb4 Qa6 45. Bf3 Qa2+ 46. Kg1 Qb1+ 47. Kh2 Qe1 48. Bg2 Bxh4 49. gxh4 Qxh4+ 50. Bh3 g5 51. Qd7+ Kf8 52. Qd8+ Kf7 53. Qxg5 Qf2+ 54. Bg2 h4 55. Qh5+ Ke7 56. Qf3 Qe1 57. c6 Qxb4 58. Qe3 Kd8 59. Qb6+ Ke7 60. Qb7+ Kf8 61. Qc8+ Kg7 62. Qd7+ Kh8 63. Qe8+ Kg7 64. Kh3 Qxf4 65. Qe7+ Kg8 66. Qxe6+ Kf8 67. Qf6+ Ke8 68. Qg6+ Kf8 69. Qd6+ Kg8 70. Bd5+ Kh7 71. Qe7+ Kg6 72. Qf7+ Kh6 73. Qf8+ Kh7 74. Bg8+ 1-0

[Event "Mecklenburg VP LL2 Ost 1617"]
[Site "Mecklenburg VP"]
[Date "2017.04.23"]
[Round "9.3"]
[White "Schumacher, Albrecht"]
[Black "Wiese, Frank"]
[Result "1/2-1/2"]
[WhiteElo "1961"]
[BlackElo "1900"]
[PlyCount "35"]
[EventDate "2016.10.16"]
[EventType "team-tourn"]
[EventRounds "9"]
[EventCountry "GER"]
[SourceTitle "EXT 2022"]
[Source "ChessBase"]
[SourceDate "2021.10.06"]
[SourceVersion "1"]
[SourceVersionDate "2021.10.06"]
[SourceQuality "1"]
[WhiteTeam "Waren Malchow"]
[BlackTeam "Waterkant Saal SV"]
[WhiteTeamCountry "GER"]
[BlackTeamCountry "GER"]

1. d4 d5 2. c4 c6 3. Nf3 Nf6 4. Nc3 dxc4 5. a4 Bf5 6. e3 e6 7. Bxc4 Bb4 8. 0-0 Nbd7 9. Qe2 Bg4 10. Rd1 Qc7 11. e4 e5 12. d5 0-0 13. Bg5 Bxc3 14. bxc3 cxd5 15. Bxd5 Nxd5 16. Rxd5 Be6 17. Rdd1 Qxc3 18. Be7 1/2-1/2

[Event "Mecklenburg VP LL2 Ost 1617"]
[Site "Mecklenburg VP"]
[Date "2017.04.02"]
[Round "8.3"]
[White "Wiese, Frank"]
[Black "Tabbert, Dirk"]
[Result "1/2-1/2"]
[WhiteElo "1900"]
[BlackElo "1642"]
[PlyCount "81"]
[EventDate "2016.10.16"]
[EventType "team-tourn"]
[EventRounds "9"]
[EventCountry "GER"]
[SourceTitle "EXT 2022"]
[Source "ChessBase"]
[SourceDate "2021.10.06"]
[SourceVersion "1"]
[SourceVersionDate "2021.10.06"]
[SourceQuality "1"]
[WhiteTeam "Waterkant Saal SV"]
[BlackTeam "Bergen Rugia"]
[WhiteTeamCountry "GER"]
[BlackTeamCountry "GER"]

1. d4 f5 2. Bg5 Nf6 3. Bxf6 exf6 4. e3 Be7 5. c4 0-0 6. Bd3 d6 7. Ne2 Nc6 8. a3 Qe8 9. Nbc3 Qf7 10. Qc2 g6 11. h4 Bd7 12. h5 Kg7 13. Nf4 Rae8 14. 0-0-0 Rh8 15. Rh2 a6 16. Rdh1 Bd8 17. g4 g5 18. h6+ Kf8 19. Nh5 fxg4 20. Ng7 f5 21. Nxe8 Kxe8 22. Ne2 f4 23. Re1 Kf8 24. Kb1 Ne7 25. d5 Nf5 26. Bxf5 Qxf5 27. Nd4 Qxc2+ 28. Kxc2 Kf7 29. exf4 gxf4 30. Ne6 f3 31. Nxd8+ Rxd8 32. Rhh1 Kg6 33. Re7 c6 34. Kd2 cxd5 35. cxd5 Bb5 36. Rg7+ Kf5 37. Rh5+ Kf4 38. Rhg5 Bd7 39. Rg8 Rxg8 40. Rxg8 Bf5 41. Rd8 1/2-1/2

[Event "Heusenstamm Sparkassen op-B 3rd"]
[Site "Heusenstamm"]
[Date "2016.11.27"]
[Round "1"]
[White "Wiese, Frank"]
[Black "Giebitz, Walter"]
[Result "1-0"]
[WhiteElo "1937"]
[BlackElo "1495"]
[PlyCount "115"]
[EventDate "2016.11.27"]
[EventType "swiss"]
[EventRounds "7"]
[EventCountry "GER"]
[SourceTitle "EXT 2018"]
[Source "ChessBase"]
[SourceDate "2017.10.13"]
[SourceVersion "1"]
[SourceVersionDate "2017.10.13"]
[SourceQuality "1"]

1. d4 d5 2. c4 e6 3. Nc3 Bb4 4. Qa4+ Nc6 5. Nf3 Bxc3+ 6. bxc3 Bd7 7. cxd5 Ne5 8. Qb3 Nxf3+ 9. exf3 b6 10. g3 exd5 11. Qxd5 Nf6 12. Qe5+ Qe7 13. Bf4 Qxe5+ 14. Bxe5 0-0-0 15. c4 Rhe8 16. Bg2 Be6 17. Rc1 Nh5 18. g4 f6 19. gxh5 fxe5 20. d5 Bf5 21. 0-0 e4 22. Rfe1 exf3 23. Bxf3 a5 24. a3 Rf8 25. Kg2 Bh3+ 26. Kg3 Bd7 27. Re7 Rf6 28. Rxg7 Rdf8 29. Rc3 Rh6 30. Re3 Kd8 31. Ree7 Be8 32. Bg4 Rhf6 33. Rxc7 R8f7 34. Rc8+ Ke7 35. Rg8 Bd7 36. Rc7 Kd6 37. Rb7 Bxg4 38. Rxb6+ Kc5 39. Rxf6 Rxf6 40. Rxg4 Rb6 41. Re4 a4 42. Kf4 Rf6+ 43. Ke3 Rf5 44. h6 Rh5 45. Re6 Kxc4 46. d6 Rd5 47. Ke4 Rd2 48. f4 Kb3 49. f5 Kxa3 50. f6 Re2+ 51. Kd5 Rd2+ 52. Kc6 Kb3 53. f7 Rc2+ 54. Kd7 Rf2 55. Ke7 a3 56. f8Q Rxf8 57. Kxf8 a2 58. Re1 1-0

[Event "Mecklenburg VP LL2 Ost 1516"]
[Site "Mecklenburg VP"]
[Date "2015.10.11"]
[Round "2.2"]
[White "Wiese, Frank"]
[Black "Stock, Joachim"]
[Result "1-0"]
[WhiteElo "1887"]
[BlackElo "1606"]
[PlyCount "79"]
[EventDate "2015.09.20"]
[EventType "team-tourn"]
[EventRounds "9"]
[EventCountry "GER"]
[SourceTitle "EXT 2022"]
[Source "ChessBase"]
[SourceDate "2021.10.06"]
[SourceVersion "1"]
[SourceVersionDate "2021.10.06"]
[SourceQuality "1"]
[WhiteTeam "Waterkant Saal SV"]
[BlackTeam "Neubrandenburg SG Eintracht III"]
[WhiteTeamCountry "GER"]
[BlackTeamCountry "GER"]

1. d4 Nf6 2. Bg5 c6 3. Bxf6 exf6 4. e3 d5 5. c4 dxc4 6. Bxc4 Bd6 7. Nc3 0-0 8. Nge2 Nd7 9. Ng3 Nb6 10. Bd3 g6 11. Nge4 Be7 12. 0-0 Be6 13. Qe2 Nd5 14. a3 Nc7 15. b4 Ne8 16. Nc5 Qc7 17. Rfc1 Bxc5 18. bxc5 f5 19. Rcb1 Nf6 20. a4 Rfe8 21. Qb2 Rab8 22. a5 f4 23. e4 f3 24. gxf3 Qf4 25. Qe2 Qh4 26. Qe3 Bh3 27. Bf1 Bd7 28. Qd2 Nh5 29. Ne2 g5 30. Ra3 Nf4 31. Nxf4 gxf4 32. d5 Re5 33. Bd3 Bh3 34. Kh1 Rh5 35. dxc6 Bf1 36. Kg1 Bxd3 37. Qxd3 Qxh2+ 38. Kf1 Qh3+ 39. Ke2 Qh4 40. Rg1+ 1-0

[Event "Mecklenburg VP LL2 Ost 1415"]
[Site "Mecklenburg VP"]
[Date "2014.11.23"]
[Round "3.3"]
[White "Wiese, Frank"]
[Black "Moritz, Hartmut"]
[Result "1-0"]
[WhiteElo "1875"]
[BlackElo "1831"]
[PlyCount "64"]
[EventDate "2014.09.21"]
[EventType "team-tourn"]
[EventRounds "9"]
[EventCountry "GER"]
[SourceTitle "EXT 2022"]
[Source "ChessBase"]
[SourceDate "2021.10.06"]
[SourceVersion "1"]
[SourceVersionDate "2021.10.06"]
[SourceQuality "1"]
[WhiteTeam "Waterkant Saal SV"]
[BlackTeam "Rostock SSC 07 III"]
[WhiteTeamCountry "GER"]
[BlackTeamCountry "GER"]

1. d4 Nf6 2. Bg5 e6 3. Nd2 Be7 4. e4 d5 5. e5 Nfd7 6. Bxe7 Qxe7 7. c3 b6 8. Ngf3 0-0 9. Bd3 Ba6 10. Qe2 Bxd3 11. Qxd3 c5 12. 0-0 Nc6 13. a3 f6 14. exf6 Qxf6 15. Rae1 Rae8 16. Qb5 e5 17. dxe5 Ndxe5 18. Nxe5 Rxe5 19. Nf3 Rf5 20. Qe2 g5 21. Qe6+ Kg7 22. Qxf6+ Kxf6 23. Re2 g4 24. Nd2 Ne5 25. Rd1 Kg5 26. Nf1 Nc4 27. Ng3 Re5 28. Rxe5+ Nxe5 29. Rxd5 Kf4 30. c4 Nxc4 31. Ne2+ Ke4 32. Nc3+ Kf4 1-0

[Event "Rostock SSC 07 op 11th"]
[Site "Rostock"]
[Date "2012.08.01"]
[Round "1"]
[White "Breuel, Steffen"]
[Black "Wiese, Frank"]
[Result "1-0"]
[WhiteElo "1165"]
[BlackElo "1972"]
[PlyCount "57"]
[EventDate "2012.08.01"]
[EventType "swiss"]
[EventRounds "7"]
[EventCountry "GER"]
[SourceTitle "EXT 2017"]
[Source "ChessBase"]
[SourceDate "2016.10.25"]
[SourceVersion "1"]
[SourceVersionDate "2016.10.25"]
[SourceQuality "1"]

1. d4 Nf6 2. Nf3 g6 3. c4 Bg7 4. Nc3 d5 5. e3 c5 6. dxc5 Qa5 7. Qa4+ Qxa4 8. Nxa4 Ne4 9. Nd4 Bd7 10. Nc3 Nxc3 11. bxc3 dxc4 12. Bxc4 0-0 13. Bd2 e5 14. Nb5 Na6 15. Nd6 Nxc5 16. 0-0 Bc6 17. Rfd1 Ne4 18. Be1 Nxd6 19. Rxd6 Rfd8 20. Rad1 Rxd6 21. Rxd6 Kf8 22. Bb3 Ke7 23. Rd1 Rc8 24. c4 e4 25. Bb4+ Ke8 26. a4 b6 27. Kf1 Bd7 28. a5 Be6 29. Ba4+ 1-0

[Event "Mecklenburg VP LL2 Ost 1112"]
[Site "Mecklenburg VP"]
[Date "2012.02.26"]
[Round "7.3"]
[White "Staben, Norbert"]
[Black "Wiese, Frank"]
[Result "1-0"]
[WhiteElo "1677"]
[BlackElo "1901"]
[PlyCount "93"]
[EventDate "2011.10.02"]
[EventType "team-tourn"]
[EventRounds "9"]
[EventCountry "GER"]
[SourceTitle "EXT 2022"]
[Source "ChessBase"]
[SourceDate "2021.10.06"]
[SourceVersion "1"]
[SourceVersionDate "2021.10.06"]
[SourceQuality "1"]
[WhiteTeam "Warnemuende SF Ostsee II"]
[BlackTeam "Graal Mueritz"]
[WhiteTeamCountry "GER"]
[BlackTeamCountry "GER"]

1. d4 Nf6 2. c4 c5 3. e3 e6 4. Nc3 Be7 5. Nf3 0-0 6. Bd3 b6 7. 0-0 Bb7 8. a3 d5 9. dxc5 dxc4 10. Bxc4 Bxc5 11. Qe2 Nbd7 12. b4 Be7 13. Bb2 Rc8 14. Ba6 Qc7 15. Rac1 Qb8 16. h3 Rcd8 17. Rc2 Ne4 18. Bxb7 Qxb7 19. Nxe4 Qxe4 20. Rfc1 Bd6 21. Rc4 Qb7 22. Ng5 h6 23. Nh7 Kxh7 24. Qd3+ Kg8 25. Qxd6 Nf6 26. Qg3 Nh5 27. Qh4 Rd2 28. Bxg7 Nxg7 29. Qxh6 Rd7 30. Rh4 f6 31. Qg6 Rd5 32. f4 Rd7 33. Rf1 Qd5 34. e4 Qd4+ 35. Kh2 f5 36. e5 Rc7 37. Rh7 Qd7 38. Rh4 Qe7 39. Rh6 Qd7 40. Rf3 Rf7 41. Rg3 Qd1 42. Qh7+ Kf8 43. Qh8+ Ke7 44. Rxg7 Rc1 45. Rxf7+ Kxf7 46. Rh7+ Kg6 47. Qg7# 1-0

[Event "Mecklenburg VP LL2 Ost 1112"]
[Site "Mecklenburg VP"]
[Date "2012.01.15"]
[Round "5.3"]
[White "Pawlick, Helmut"]
[Black "Wiese, Frank"]
[Result "1-0"]
[WhiteElo "1925"]
[BlackElo "1901"]
[PlyCount "82"]
[EventDate "2011.10.02"]
[EventType "team-tourn"]
[EventRounds "9"]
[EventCountry "GER"]
[SourceTitle "EXT 2022"]
[Source "ChessBase"]
[SourceDate "2021.10.06"]
[SourceVersion "1"]
[SourceVersionDate "2021.10.06"]
[SourceQuality "1"]
[WhiteTeam "Bergen Rugia"]
[BlackTeam "Graal Mueritz"]
[WhiteTeamCountry "GER"]
[BlackTeamCountry "GER"]

1. e4 c5 2. Nf3 Nc6 3. d4 cxd4 4. Nxd4 g6 5. Nc3 Bg7 6. Be3 Nf6 7. f3 0-0 8. Nb3 a6 9. Qd2 b5 10. Bh6 Qc7 11. Bxg7 Kxg7 12. 0-0-0 Ne5 13. Bd3 Bb7 14. Kb1 Rfc8 15. h4 h5 16. f4 Nc4 17. Bxc4 bxc4 18. Nd4 Bxe4 19. Rhe1 d5 20. f5 Qb7 21. Nxe4 Nxe4 22. Qe3 Rab8 23. Qa3 Rc5 24. Rxe4 dxe4 25. fxg6 Ra5 26. Qc3 e5 27. Nf5+ Kf8 28. b3 cxb3 29. axb3 Rd5 30. Rf1 Qb5 31. Ne3 Rd7 32. Nc4 Re7 33. Rxf7+ Rxf7 34. gxf7 Rc8 35. Ka2 Rc5 36. Qg3 Ke7 37. Qg8 Rxc4 38. f8Q+ Kd7 39. Qxc4 Qa5+ 40. Kb2 Qd2 41. Qff7+ Kd6 1-0

[Event "Mecklenburg VP-ch"]
[Site "Greifswald"]
[Date "2011.10.29"]
[Round "3.5"]
[White "Parashchenko, Oleg"]
[Black "Wiese, Frank"]
[Result "1-0"]
[WhiteElo "2104"]
[BlackElo "1965"]
[PlyCount "143"]
[EventDate "2011.10.28"]
[EventType "swiss"]
[EventRounds "7"]
[EventCountry "GER"]
[SourceTitle "EXT 2022"]
[Source "ChessBase"]
[SourceDate "2021.10.06"]
[SourceVersion "1"]
[SourceVersionDate "2021.10.06"]
[SourceQuality "1"]

1. e4 c6 2. d4 d5 3. exd5 cxd5 4. c4 Nf6 5. Nc3 Nc6 6. Nf3 Bg4 7. cxd5 Nxd5 8. Qb3 Bxf3 9. gxf3 e6 10. Qxb7 Nxd4 11. Bb5+ Nxb5 12. Qc6+ Ke7 13. Qxb5 f6 14. Qb7+ Ke8 15. 0-0 Nb6 16. Be3 Qc8 17. Qxc8+ Nxc8 18. Nb5 Kf7 19. Rfc1 a6 20. Nc7 Rb8 21. Nxa6 Ra8 22. b4 Nd6 23. Nc7 Ra3 24. b5 Nf5 25. b6 Bd6 26. Nb5 Ra4 27. Nxd6+ Nxd6 28. Rc7+ Kg6 29. Rb1 Rxa2 30. b7 Rb8 31. Bc5 Rxb7 32. Rbxb7 Nxb7 33. Rxb7 Ra8 34. f4 Rg8 35. Ba7 Rc8 36. Kg2 Rc4 37. Be3 Rc8 38. Rb5 Ra8 39. Rc5 Rb8 40. Rc6 Re8 41. Kf3 e5 42. fxe5 Rxe5 43. Rc7 Re8 44. Bf4 Rd8 45. Rc5 Rd3+ 46. Kg4 Rd4 47. Kf3 Rd3+ 48. Ke4 Rd8 49. Be3 Rd1 50. f4 h6 51. Rd5 Rh1 52. Rd2 Re1 53. Rg2+ Kf7 54. Kd3 Rb1 55. Ra2 Kg6 56. Ke4 Rb4+ 57. Bd4 Rb5 58. Ra7 Rb4 59. Rc7 Rc4 60. Rd7 Rb4 61. Ra7 h5 62. f5+ Kh6 63. Ra3 Kh7 64. Rh3 Kh6 65. Kd5 Kg5 66. Rg3+ Kh6 67. Be3+ Kh7 68. Rh3 g6 69. Ke6 gxf5 70. Kxf6 f4 71. Rxh5+ Kg8 72. Rh4 1-0